=LDR 00000nam 2200000 4500 =001 INLIS000000000004848 =005 20130612093122 =008 ***********************************Ind** =035 ##$$0010-061300000004848 =041 ##$$a Ind =082 ##$$a 819.2 =090 ##$$a 819.2, Pak k =100 ##$$a PAKUBUWONO IX, Susuhunan =245 ##$$a Kidungsesingir, Susuhunan Pakubuwono IX. -- =260 ##$$a 1991 $b Semarang =300 ##$$a 135 hlm.l, 15 cm =650 ##$$a Kebudayaan Jawa - Kidung =850 ##$$a NBPNMAT